| 000 | 00479nam a2200193Ia 4500 | ||
|---|---|---|---|
| 001 | 12432 | ||
| 003 | GE_BSU | ||
| 008 | 181216s||||||||xx |||||||||||||| ||und|| | ||
| 040 | _cGE_BSU | ||
| 080 | _a581.132 | ||
| 100 | _aГюббенет,Е.Р. | ||
| 245 | _aРастение и хлорофилл | ||
| 260 | _aМ-Л | ||
| 260 | _bИзд-во АНСССР | ||
| 260 | _c1951 | ||
| 300 | _a246стр.23см. | ||
| 653 | _aРастение и хлорофилл | ||
| 942 | _cBK | ||
| 999 |
_c45606 _d45606 |
||